000 01684nam0a22003851 4500
001 rc\2780441
005 20250810050729.0
035 _a(NLR Aleph) 006906678
090 _a7304112
_c7304112
100 _a20110915d1942 u y0rusy50 ca
101 0 _arus
102 _aRU
105 _ay z |||||
135 _acrbn 008apadp
200 1 _aУборка и хранение брюквы
_fЮ. Я. Эслон, агр.
_gПод ред. И. Г. Михайлова
_gЗем. отд. Исполкома Ленгорсовета
210 _a[Ленинград]
_cЛениздат
_d1942
215 _a8 с.
_d14 см.
325 _aКопия доступна в Электрон. б-ке РНБ
700 1 _7ca
_8rus
_aЭслон
_bЮ. Я.
_f1893-
_gЮрий Яковлевич
_9227674
_3RU\NLR\AUTH\770227730
702 1 _4340
_aМихайлов
_bИ. Г.
_cагроном
_f1903-
_gИван Гаврилович
_9160033
_3RU\NLR\AUTH\770160074
801 0 _aRU
_bNLR
_gpsbo
801 1 _aRU
_bELAR
_2rusmarc
801 2 _aRU
_bNLR
_c20160720
_2rusmarc
852 _aNLR
_jС40 Г-2/69
856 0 _uhttp://vivaldi.nlr.ru/ab000002388/view
856 1 _uhttp://vivaldi.nlr.ru/ab000002388/cover
856 2 _uhttp://vivaldi.nlr.ru/ab000002388/text
901 _eКнижные издания
942 _cBOOK
945 _aРоссийская национальная библиотека
980 _aNB
980 _aBV
981 3 7 _a(37) Ленинград в Великой Отечественной войне
_b(37) Книги блокадного Ленинграда
981 3 4 _a(34) Санкт-Петербург